00598nam a22001817a 4500010001300000020001500013035001300028037001800041040001200059082001600071100001700087245010100104260004500205270004900250300003100299650004000330650004600370 aA-702214 a8170187974 aA-702214 bCen Lib / Ret aDPLbEN a954.09bLIM aMadhu Limaye aJanata Party experiment :ban insiders account of opposition politics 1977-80 /cby Madhu Limaye aDelhibB.R. Publishing Corporationc1992 aRegd. Office 29/9 Nangia ParkbDelhie110007 a(v 2. vii,571p) b24cm(Hb) aBharatiya Janata Party -- History.  aIndia -- Politics and government -- 1977-